000 00656nam a2200229Ia 4500
003 OSt
005 20220926014832.0
006 a|||||r|||| 00| 0
007 ta
008 220923b |||||||| |||| 00| 0 eng d
037 _cGeneral Book
040 _aRTL
_cRTL
_beng
041 _2eng
_aeng
082 _aX.1(X).N6, K8
100 _aJalee Pierre
245 0 _aPillage of third world Tr from the French by Mary
260 _aNew York
_bMonthly Review Press
_c1968
300 _axi,115p
_ccm.
650 _aEconomic Condition Developing Countries
942 _hX.1(X).N6, K8
_cGB
_2CC
999 _c629969
_d629969